书目信息 |
| 题名: |
工业企业管理
|
|
| 作者: | ;中国工业企业管理教育研究会《工业企业管理》编写组 编 | |
| 分册: | 上册 | |
| 出版信息: | 北京 中国财政经济出版社 1981.11 |
|
| 页数: | 403页 | |
| 开本: | 20cm | |
| 丛书名: | ||
| 单 册: | ||
| 中图分类: | F425 | |
| 科图分类: | ||
| 主题词: | 工业经济--中国 | |
| 电子资源: | ||
| ISBN: | ||
| 000 | 00741nam0 2200217 45 | |
| 001 | 0302181460 | |
| 005 | 20031219104103.8 | |
| 010 | @dCNY1.65 | |
| 091 | @a4166.325 | |
| 100 | @a20030218d1981 km y0chiy0120 ea | |
| 101 | 0 | @achi |
| 105 | @a z 000yy | |
| 200 | 1 | @a工业企业管理@AGong Ye Qi Ye Guan Li@h上册@f中国工业企业管理教育研究会《工业企业管理》编写组编@FZhong Guo Gong Ye Qi Ye Guan Li Jiao Yu Yan Jiu Hui《Gong Ye Qi Ye Guan Li》Bian Xie Zu Bian |
| 210 | @a北京@c中国财政经济出版社@d1981.11 | |
| 215 | @a403页@d20cm | |
| 300 | @a高等院校文科教材 | |
| 606 | 0 | @a工业经济@x中国 |
| 690 | @aF425@v3 | |
| 711 | 02 | @a中国工业企业管理教育研究会《工业企业管理》编写组@4编 |
| 801 | @aCN@bTSTC@c20030218 | |
| 905 | @f1@b55907@dF425@e13:1 | |
| 工业企业管理.上册/中国工业企业管理教育研究会《工业企业管理》编写组编.-北京:中国财政经济出版社,1981.11 |
| 403页;20cm |
| 高等院校文科教材 |
| ISBN :CNY1.65 |
| ● |
| 相关链接 |
|
|
|
|
正题名:工业企业管理
索取号:F425/13:1
 
预约/预借
| 序号 | 登录号 | 条形码 | 馆藏地/架位号 | 状态 | 备注 |
| 1 | 0055907 | 001734742 | 密集书库/ [索取号:F425/13:1] | 在馆 | |
| 2 | 0100882 | 000208812 | 第一样本阅览室/ [索取号:F425/13:1] | 在馆 |